000 00716nam a22001935i 4500
001 151646
003 ES-MaACL
005 20250831124208.0
008 991103s1892 sp |||| | spa d
040 _aCCPB | B
_bspa
_cCCPB | B
100 1 _aLorenzo d'Ayot, Manuel,
_d-1911
_9125762
245 1 0 _aWlandina Letzinska
_b: poema en prosa /
_coriginal de Manuel Lorenzo d'Ayot.
260 _aMadrid :
_b[s.n.],
_c1892 (
_fCelestino Apaolaza)
300 _a16 p. ;
_c22 cm.
490 1 _aBiblioteca de ¨La Reforma Literaria" ;
_v1
830 0 0 _aBiblioteca de "La reforma literaria"
_v1
_9221830
852 _aES-MaACL
_jT-703-F-3
_z-- Enc. hol.
_z-- Enc. en un vol. facticio
999 _c151646
_d151646